000 00451nmm a2200169Ia 4500
008 251105s9999||||xx |||||||||||||||||und||
020 _a9788467510973
041 _aspa
100 _aGómez Cerdá, Alfredo
245 0 _aEskoria
264 _a[Madrid, España] :
_bGrupo SM,
_c2010
300 _a153 páginas
490 _aGran angular
650 _aAges 9-12 Years Old
856 _uhttps://public.digitaliapublishing.com/a/86135
942 _cCF
999 _c83747
_d83747